Interacciones economía-energía en Costa Rica y la utilización de un paquete de software llamado ENERPLAN
Na minha lista:
| Autor principal: | |
|---|---|
| Formato: | Livro |
| Publicado em: |
[San José , Costa Rica]
1986
|
| Tags: |
Adicionar Tag
Sem tags, seja o primeiro a adicionar uma tag!
|
MARC
| LEADER | 00000nam a2200000Ia 4500 | ||
|---|---|---|---|
| 003 | 003096 | ||
| 005 | 20221231144357.0 | ||
| 008 | 140114s1986 cr a m 000 ||s d | ||
| 040 | |c cru CEDI | ||
| 090 | |a TFG 1783 | ||
| 100 | |a Espinoza Víquez, Luis E |9 14279 | ||
| 245 | |a Interacciones economía-energía en Costa Rica y la utilización de un paquete de software llamado ENERPLAN | ||
| 260 | |c 1986 |a [San José , Costa Rica] | ||
| 300 | |a 172[26] hojas : ilustraciones | ||
| 500 | |a Proyecto de graduación (bachiller en ingeniería eléctrica)--Universidad de Costa Rica. Facultad de Ingeniería. Escuela de Ingeniería Eléctrica. IE-502 | ||
| 942 | |c TFG |2 ddc | ||
| 999 | |c 20973 |d 20973 | ||
